Graph theory and algorithms (Record no. 168117)

000 -LEADER
fixed length control field 00325nam a2200109Ia 4500
008 - FIXED-LENGTH DATA ELEMENTS--GENERAL INFORMATION
fixed length control field 220217s9999||||xx |||||||||||||| ||und||
100 ## - MAIN ENTRY--PERSONAL NAME
Personal name Thulasiraman, K Swamy, M.N.S
9 (RLIN) 2089
245 #0 - TITLE STATEMENT
Title Graph theory and algorithms
260 ## - PUBLICATION, DISTRIBUTION, ETC.
Place of publication, distribution, etc. John wiely & sons Inc.
Name of publisher, distributor, etc. New Delhi
Date of publication, distribution, etc. 1992
300 ## - PHYSICAL DESCRIPTION
Extent XV,460p
Other physical details 5879
650 ## - SUBJECT ADDED ENTRY--TOPICAL TERM
Topical term or geographic name entry element MATHEMATICS
Holdings
Withdrawn status Lost status Damaged status Not for loan Collection code Home library Current library Shelving location Date acquired Barcode Date last seen Price effective from Koha item type
        Humanity Science Central Library Central Library Reference 02/18/2022 3306 02/18/2022 02/18/2022 Books

Powered by Koha